| 000 | 00650nam a2200217 a 4500 | ||
|---|---|---|---|
| 999 |
_c2173 _d2173 |
||
| 001 | 2173 | ||
| 003 | BD-JhCC | ||
| 005 | 20171030173454.0 | ||
| 008 | 171030s1991 bg ||||| |||| 00| 0 ben d | ||
| 035 | _a(BD-JhCC)2173 | ||
| 040 |
_aBD-JhCC _dBD-JhCC |
||
| 041 | _aben | ||
| 082 |
_223 _a891.443 _bHAI 1991 |
||
| 100 | _a হাই, আবদুল, হাসনাত | ||
| 245 |
_aসুলতান / _cহাসনাত আবদুল হাই |
||
| 260 |
_aঢাকা : _bইউনিভার্সিটি প্রেস, _c১৯৯১ |
||
| 300 |
_a253 p. : _c22cm. |
||
| 650 | _aBengali Novel | ||
| 942 |
_2ddc _cBK |
||